Lana Del Ray A.K.A Lizzy Grant Tacklist - Statistics

General Stats
  • This quiz has been taken 12 times
  • The average score is 10 of 13
Answer Stats
Answer % Correct
Queen of the Gas Station
100%
Kill Kill
89%
Brite Lites
78%
For K Part 2
78%
Gramma (Blue Ribbon Sparkler Trailer Heaven)
78%
Jump
78%
Mermaid Motel
78%
Pawn Shop Blues
78%
Put Me in a Movie
78%
Smarty
78%
Yayo
78%
Oh Say Can You See
56%
Raise Me Up (Mississippi South)
56%
No matching quizzes found
Score Distribution
Percent of People with Each Score
Percentile by Number Answered
Your Score History
You have not taken this quiz